000 00623nam a2200217Ia 4500
008 191130s1995##################000#0#eng##
020 _a9780486285177
022 _a94043180
040 _aACL
_cACL
082 _a821.7 BLA
100 _aBlake, William
245 _aBlake's selected poems
_cWilliam Blake ; selected by David and Virginia Erdman
260 _aMineola, NY
_bDover Publications
_c1995
300 _aviii, 83 p. ; 21 cm.
500 _aIncludes index
700 _aErdman, David V
700 _aErdman, Virginia
990 _a6db4784aac10000c712d6059a9ac9d51
991 _a310800
999 _c247758
_d247758